[Event "Sachsen-Anhalt Landesliga-A 1920"]
[Site "Sachsen Anhalt"]
[Date "2020.02.02"]
[Round "6.5"]
[White "Schiffner, Michael"]
[Black "Grassmann, Heinz"]
[Result "1/2-1/2"]
[WhiteElo "1549"]
[BlackElo "1794"]
[PlyCount "37"]
[EventDate "2019.09.29"]
[EventType "team-tourn"]
[EventRounds "9"]
[EventCountry "GER"]
[SourceTitle "EXT 2023"]
[Source "ChessBase"]
[SourceDate "2022.10.05"]
[SourceVersion "1"]
[SourceVersionDate "2022.10.05"]
[SourceQuality "1"]
[WhiteTeam "Dahlenwarsleben"]
[BlackTeam "Magdeburg USC II"]
[WhiteTeamCountry "GER"]
[BlackTeamCountry "GER"]

1. e4 c5 2. Nf3 d6 3. d4 cxd4 4. Nxd4 Nf6 5. Nc3 a6 6. a4 e6 7. Bc4 Be7 8. Ba2 Qc7 9. 0-0 0-0 10. Bg5 Nc6 11. Kh1 Bd7 12. f4 Nxd4 13. Qxd4 Bc6 14. e5 Ne8 15. Bxe7 Qxe7 16. Rad1 dxe5 17. fxe5 Nc7 18. Qf4 Rad8 19. Bb3 1/2-1/2

[Event "Sachsen-Anhalt Landesliga-A 1920"]
[Site "Sachsen Anhalt"]
[Date "2019.09.29"]
[Round "1"]
[White "Rosenhoefer, Thomas"]
[Black "Schiffner, Michael"]
[Result "1/2-1/2"]
[WhiteElo "1894"]
[BlackElo "1549"]
[PlyCount "34"]
[EventDate "2019.09.29"]
[EventType "team-tourn"]
[EventRounds "9"]
[EventCountry "GER"]
[SourceTitle "EXT 2023"]
[Source "ChessBase"]
[SourceDate "2022.10.05"]
[SourceVersion "1"]
[SourceVersionDate "2022.10.05"]
[SourceQuality "1"]
[WhiteTeam "Tangerhuette Eintracht"]
[BlackTeam "Dahlenwarsleben"]
[WhiteTeamCountry "GER"]
[BlackTeamCountry "GER"]

1. d4 d5 2. Nf3 Nf6 3. e3 e6 4. Bd3 Be7 5. Nbd2 b6 6. 0-0 Ba6 7. Bxa6 Nxa6 8. c4 0-0 9. Ne5 Qe8 10. Qe2 Nb4 11. a3 Nc6 12. b3 Nxe5 13. dxe5 Ne4 14. cxd5 Nxd2 15. Qxd2 Rd8 16. e4 Qb5 17. Rd1 Qxb3 1/2-1/2

[Event "GER Seniors Derby 16th"]
[Site "Wesel Undeloh"]
[Date "2017.03.19"]
[Round "7"]
[White "Schiffner, Michael"]
[Black "Leppert, Hans Juergen"]
[Result "1/2-1/2"]
[WhiteElo "1582"]
[BlackElo "1788"]
[PlyCount "114"]
[EventDate "2017.03.16"]
[EventType "swiss"]
[EventRounds "7"]
[EventCountry "GER"]
[SourceTitle "EXT 2019"]
[Source "ChessBase"]
[SourceDate "2018.10.10"]
[SourceVersion "1"]
[SourceVersionDate "2018.10.10"]
[SourceQuality "1"]

1. Nf3 e6 2. c4 f5 3. g3 Nf6 4. d3 Be7 5. Bg2 0-0 6. 0-0 d6 7. Nc3 c6 8. Rb1 a5 9. a3 Na6 10. Bd2 Bd7 11. b4 axb4 12. axb4 b5 13. cxb5 cxb5 14. Ng5 Rb8 15. e4 h6 16. Nh3 Nc7 17. exf5 exf5 18. Nf4 Kh7 19. Be3 Nce8 20. Ncd5 Nxd5 21. Bxd5 Bg5 22. Ne6 Bxe6 23. Bxe6 Nc7 24. Bxg5 Qxg5 25. f4 Qf6 26. Bb3 Qd4+ 27. Kh1 Nd5 28. Bxd5 Qxd5+ 29. Qf3 Qxf3+ 30. Rxf3 Rfe8 31. Kg1 Ra8 32. Rb2 Ra1+ 33. Kg2 Ree1 34. Rff2 Rab1 35. Kf3 Kg6 36. Rfc2 Kf6 37. Rxb1 Rxb1 38. Ke3 Rxb4 39. Kd2 g5 40. fxg5+ hxg5 41. Ke3 Rb1 42. Kd4 b4 43. Rc6 Ke7 44. Kd5 Rd1 45. d4 b3 46. Rb6 Rd3 47. Rb7+ Kf6 48. Kc4 Re3 49. Rxb3 d5+ 50. Kb4 Rxb3+ 51. Kxb3 f4 52. gxf4 gxf4 53. Kc3 Kg5 54. Kd2 Kg4 55. Ke2 f3+ 56. Kf2 Kf4 57. h4 Kg4 1/2-1/2